000 00470nmm a2200169Ia 4500
008 251105s9999||||xx |||||||||||||||||und||
020 _a8497423526
041 _aspa
100 _aPorpetta, Antonio
245 0 _aGabriel Miró y el mar
264 _a[Madrid, España] :
_bBiblioteca Nueva,
_c2004
300 _a148 páginas
490 _aEnsayo Pensamiento
650 _aSpanish literature
856 _uhttps://public.digitaliapublishing.com/a/5159
942 _cCF
999 _c74152
_d74152